00278pam a2200121a 44500008004100000041000800041100001700049245003000066250000600096260003200102300001400134440000800148230405s1988 xxu||||| |||| 00| 0 eng d aENG aWatson C. J. aBrief Business Statistics a1 abAllyn And Bacon INCc1988 a624, 24cm a472